TRANSCOM 95. Volume 2 : Konf. Žilina. Slovak Republic. 28th-30th June 1995
Guardado en:
| Formato: | Libro |
|---|---|
| Lenguaje: | inglés |
| Publicado: |
Žilina :
Vysoká škola dopravy a spojov,
1995
|
| Materias: | |
| Etiquetas: |
Sin Etiquetas, Sea el primero en etiquetar este registro!
|
MARC
| LEADER | 00000nam a22000003a 4500 | ||
|---|---|---|---|
| 001 | stu44904 | ||
| 005 | 20150408180405.9 | ||
| 008 | 950731s1995----cs------------------eng-d | ||
| 020 | |a 80-7100-270-4 | ||
| 040 | |a STU |b slo | ||
| 041 | 0 | |a eng | |
| 044 | |a cs | ||
| 080 | |a 654 | ||
| 080 | |a 656(082) | ||
| 245 | |a TRANSCOM 95. Volume 2 : |b Konf. Žilina. Slovak Republic. 28th-30th June 1995 | ||
| 260 | |a Žilina : |b Vysoká škola dopravy a spojov, |c 1995 | ||
| 300 | |a 384 s | ||
| 650 | 7 | |a doprava |2 stusub | |
| 650 | 7 | |a zborníky |2 stusub | |
| 650 | 7 | |a Spoje |2 stusub | |
| 996 | |b 284M061348 |c M*Z-900 |l MMKN |s A |a 24 |w stu44904_0001 | ||